<?xml version="1.0" encoding="UTF-8"?>
<collection xmlns="http://www.loc.gov/MARC21/slim">
 <record>
  <leader>01405nam a2200229 a 4500</leader>
  <controlfield tag="001">TVCDKTCT10098</controlfield>
  <controlfield tag="003">Thư viện trường Cao đẳng Kỹ thuật Cao Thắng</controlfield>
  <controlfield tag="005">20080814000000</controlfield>
  <controlfield tag="008">080814</controlfield>
  <datafield tag="980" ind1="\" ind2="\">
   <subfield code="a">Thư viện Trường CĐ Kỹ Thuật Cao Thắng</subfield>
  </datafield>
  <datafield tag="024" ind1=" " ind2=" ">
   <subfield code="a">RG_1 #1 eb0 i1</subfield>
  </datafield>
  <datafield tag="041" ind1="0" ind2="#">
   <subfield code="a">vie</subfield>
  </datafield>
  <datafield tag="082" ind1="#" ind2="#">
   <subfield code="a">428 / </subfield>
   <subfield code="b">ESS200N-r</subfield>
  </datafield>
  <datafield tag="100" ind1="1" ind2="#">
   <subfield code="a">J. Dixson Robert</subfield>
  </datafield>
  <datafield tag="245" ind1="0" ind2="0">
   <subfield code="a">Essential Idioms in English /</subfield>
   <subfield code="c">J. Dixson Robert</subfield>
  </datafield>
  <datafield tag="250" ind1="#" ind2="#">
   <subfield code="a">In lần thứ 1</subfield>
  </datafield>
  <datafield tag="260" ind1="#" ind2="#">
   <subfield code="a">Bến tre :</subfield>
   <subfield code="b">Trẻ ,</subfield>
   <subfield code="c">2001</subfield>
  </datafield>
  <datafield tag="300" ind1="#" ind2="#">
   <subfield code="a">320tr. ;</subfield>
   <subfield code="c">19 cm</subfield>
  </datafield>
  <datafield tag="520" ind1="#" ind2="#">
   <subfield code="a">Tiếng Anh là một ngôn ngữ phong phú về thành ngữ. những thành ngữ này rất cần thiết nếu bạn muốn trau dồi vốn thành ngữ của bạn. Nếu các bạn không quán triệt một số thành ngữ quan trọng và phổ biến thì các bạn không thể hiểu được nghĩa của các đoạn văn trong các bài đàm thoại hay trong những bài văn mà phải dịch sang tiếng Việt.</subfield>
  </datafield>
  <datafield tag="520" ind1="#" ind2="#">
   <subfield code="a">Vào năm 1994, tác gải cho tái bản cuốn sách và đã được giáo sư  Nguyễn Kim Đốc biên dịch và đã được nhà xuất bản Trẻ soạn lại công phu hơn.</subfield>
  </datafield>
  <datafield tag="650" ind1="#" ind2="4">
   <subfield code="a">Ngôn ngữ --Anh</subfield>
  </datafield>
  <datafield tag="650" ind1="#" ind2="4">
   <subfield code="a">Thành ngữ tiếng Anh</subfield>
  </datafield>
 </record>
</collection>
